Statistics for "We Are the World" Solo Musicians

Click here to take the quiz!

General Stats

  • This quiz has been taken 6,029 times
    (6,015 since last reset)
  • The average score is 12 of 21

Answer Stats

Song Musician % Correct
Smooth CriminalMichael Jackson
92%
Uptown GirlBilly Joel
81%
Born to RunBruce Springsteen
81%
Private DancerTina Turner
80%
SuperstitionStevie Wonder
79%
True ColorsCyndi Lauper
71%
Dancing on the CeilingLionel Richie
70%
Blowin' in the WindBob Dylan
62%
FootlooseKenny Loggins
61%
The GamblerKenny Rogers
59%
On the Road AgainWillie Nelson
53%
50 Ways to Leave Your LoverPaul Simon
53%
ManeaterDaryl Hall
51%
The Power of LoveHuey Lewis
50%
Hit the Road JackRay Charles
46%
I'm Coming OutDiana Ross
43%
Bette Davis EyesKim Carnes
42%
That's What Friends Are ForDionne Warwick
39%
Oh SherrieSteve Perry
30%
Just OnceJames Ingram
13%
We're In This Love TogetherAl Jarreau
12%

Score Distribution

Percentile by Number Answered

Percent of People with Each Score

Your Score History

You have not taken this quiz since the last reset